| 000 | 01013nam a2200253 a 4500 | ||
|---|---|---|---|
| 001 | BRCA_2661 | ||
| 005 | 20190320203918.0 | ||
| 008 | 021208s1915----gw-a---###---#000-0#ger-# | ||
| 041 | _ager | ||
| 044 | _agw | ||
| 050 | 4 |
_aNK4215 _b.G73 1915 |
|
| 100 | 1 |
_aGrasse, Johann Georg Theodor _97554 |
|
| 245 | 1 | 0 |
_aFührer für Sammler von Porzellan und Fayence _bsteinzeug, steingut usw _cJ. G. Th. Greasse ; vollständiges verzeichnis der auf älterem Porzellan, Fayence, Steingut usw. befindlichen marken von verm und wissenschaftlichen belegen, erlauterungen und registern ausgestatett von E. Zimmermann. |
| 260 |
_aBerlin _bRichard Carl Schimidt _c1915 |
||
| 300 |
_a384 p. _bil. _c22 cm. |
||
| 500 | _aVer también S64 | ||
| 500 | _aA117 | ||
| 650 | 1 | 4 |
_aMarcas de cerámica _xColeccionistas y colecciones _97555 |
| 650 | 1 | 4 |
_aCerámica _eColeccionistas y colecciones _91200 |
| 700 | 1 |
_aJaenicke, Friedrich _d1831-1907 _97556 |
|
| 700 | 1 |
_aZimmermann, Ernest _d1866-1940 _97557 |
|
| 902 | _aGFM | ||
| 942 |
_2lcc _cB |
||
| 999 |
_c2401 _d2401 |
||